animals - Statistics

General Stats
  • This quiz has been taken 10 times
  • The average score is 4 of 7
Answer Stats
Hint Answer % Correct
it eats bananas monkey
90%
it says hisssss snake
90%
its fast and has spots cheetah
80%
the main usa animal eagle
80%
is a type of meat chicken
60%
the main canada animal beaver
30%
its a type of bird blue jay
0%
No matching quizzes found
Score Distribution
Percent of People with Each Score
Percentile by Number Answered
Your Score History
You have not taken this quiz